Historia de la filosofía Siglo XXI : la filosofía en oriente : la filosofía islámica, india, y china de nuestros días /

Kaydedildi:
Detaylı Bibliyografya
Yazar: Bugault, Guy (autor)
Materyal Türü: Kitap
Dil:İspanyolca
Baskı/Yayın Bilgisi: México : Siglo XXI, 1982, c1982
Edisyon:2a edición
Seri Bilgileri:(Historia de la Filosofía Siglo XXI ; 11)
Konular:
Etiketler: Etiketle
Etiket eklenmemiş, İlk siz ekleyin!

MARC

LEADER 00000nam^a2200000^a^4500
001 000001069
005 20250521000000.0
009 20260310083052.554
020 |a 968-23-0941-7 
020 |a 968-23-0221-8 
037 |a Acervo ITESO - Biblioteca 
041 |a ESP 
082 |a 140. 9  |b SIG V. 11 
100 |a Bugault, Guy  |e (autor) 
240 1 1 |a [Historia de la filosofía Siglo XXI] 
245 1 0 |a Historia de la filosofía Siglo XXI :  |b la filosofía en oriente : la filosofía islámica, india, y china de nuestros días /  |c G. Bugault... [et al.] ; dir. de la serie de Y. Belaval ; tr. por Francisco Torres Oliver. 
250 |a 2a edición 
264 4 |a México :  |b Siglo XXI,  |c 1982, c1982 
300 |a 300 p. 
336 |a texto  |b txt  |2 rdacontenido 
337 |a sin mediación  |b n  |2 rdamedio 
338 |a volumen  |b nc  |2 rdasoporte 
440 1 |a (Historia de la Filosofía Siglo XXI ;  |v 11) 
500 |a Traducción de: Histoire de la Philosophie 3. Encyclopédie de la Pléiade 
649 |a XX 
650 |a Filosofías Orientales -  |x Historia y Crítica -  |x Tema Principal 
650 |a Filosofía Hindú -  |x Historia y Crítica 
650 |a Filosofía China -  |x Historia y Crítica 
650 |a Filosofía Islámica -  |x Historia y Crítica 
650 |a Filosofía -  |x Historia y Crítica -  |x Tema Principal 
910 |a Fondo General 
920 |a Impresos - Libros 
930 |a Colección General 
905 |a 101 
901 |a 0010690100  |b IT1  |c ACC  |i 001069  |u 20250521 
901 |a 0010690200  |b IT1  |c ACC  |i 900069  |u 20250521 
902 |a https://opac.biblio.iteso.mx/vufind/Record/000001069